Cómo comprender las finanzas de una compañia (Registro nro. 6903)

Detalles MARC
000 -LEADER
fixed length control field 01432 a2200229 4500
001 - CONTROL NUMBER
control field 60332
005 - DATE AND TIME OF LATEST TRANSACTION
control field 20260407155853.0
008 - FIXED-LENGTH DATA ELEMENTS--GENERAL INFORMATION
fixed length control field 260407a1984 arg spa d
003 - CONTROL NUMBER IDENTIFIER
control field AR-UNSa-BCEJYS
040 ## - CATALOGING SOURCE
Original cataloging agency AR-UNSa-BCEJYS
Language of cataloging spa
Transcribing agency AR-UNSa-BCEJYS
080 ## - UNIVERSAL DECIMAL CLASSIFICATION NUMBER
Universal Decimal Classification number 658.15
Common auxiliary subdivision Administración financiera privada. Gestión financiera de empresas<br/>
020 ## - INTERNATIONAL STANDARD BOOK NUMBER
International Standard Book Number 958-04-0378-3
041 ## - LANGUAGE CODE
Language code of text/sound track or separate title spa
100 1# - MAIN ENTRY--PERSONAL NAME
Personal name Purcell, W.R.
245 10 - TITLE STATEMENT
Title Cómo comprender las finanzas de una compañia
Name of part/section of a work Un enfoque gráfico
264 #1 - PRODUCTION, PUBLICATION, DISTRIBUTION, MANUFACTURE, AND COPYRIGHT NOTICE
Place of production, publication, distribution, manufacture Bogotá :
Name of producer, publisher, distributor, manufacturer Norma
Date of production, publication, distribution, manufacture, or copyright notice 1984
300 ## - PHYSICAL DESCRIPTION
Extent 144 p.
Dimensions 17 cm.
505 ## - FORMATTED CONTENTS NOTE
Formatted contents note 1. Representación del desarrollo de una compañía – 2. Representación del funcionamiento de una compañía – 3. Representación del estado de pérdidas y ganancias – 4. Representación del balance general – 5. La gráfica completa – 6. De cómo las cifras de los informes reflejan las actuaciones de la compañía – 7. De cómo las cifras de los estados financieros reflejan los negocios de una compañía durante un período. 8. Del efectivo y otros bienes – 9. Utilidad y efectivo – 10. Gráfica de una compañía cualquiera – 11. Razones financieras para comparación y análisis – 12. El futuro – 13. ¿Qué pasaría si …? – 14. Evaluación de las finanzas de una compañía – 15. ¿Quién se beneficia de la utilidad? -
590 ## - LOCAL NOTE (RLIN)
Local note niveau_biblio:m niveau_hierar:0
700 1# - ADDED ENTRY--PERSONAL NAME
Personal name Vélez, Ignacio
942 ## - ADDED ENTRY ELEMENTS (KOHA)
Koha item type
Existencias
Withdrawn status Lost status Damaged status Not for loan Home library Current library Shelving location Date acquired Total checkouts Full call number Barcode Date last seen Price effective from Koha item type
        Biblioteca Prof. Eusebio Cleto del Rey Biblioteca Prof. Eusebio Cleto del Rey   07/04/2026   658.15 P985 L129081 07/04/2026 07/04/2026 Libro